2025 Oscar Nominees - Statistics

General Stats
  • This quiz has been taken 463 times
  • The average score is 17 of 30
Answer Stats
# Movies % Correct
6 Anora
91%
10 The Brutalist
88%
13 Emilia Pérez
87%
8 A Complete Unknown
86%
5 The Substance
85%
10 Wicked
85%
8 Conclave
77%
5 Dune: Part Two
77%
3 I'm Still Here
71%
2 A Real Pain
68%
2 Flow
68%
2 Nickel Boys
65%
3 Sing Sing
64%
2 The Apprentice
61%
3 The Wild Robot
60%
1 Inside Out 2
58%
4 Nosferatu
52%
1 Wallace & Gromit: Vengeance Most Fowl
42%
1 Memoir of a Snail
38%
1 Maria
36%
1 September 5
36%
1 Gladiator II
35%
1 Kingdom of the Planet of the Apes
35%
1 Alien: Romulus
34%
1 A Different Man
33%
1 The Girl with the Needle
33%
1 The Seed of the Sacred Fig
32%
1 Better Man
31%
1 Elton John: Never Too Late
30%
1 The Six Triple Eight
27%
No matching quizzes found
Score Distribution
Percent of People with Each Score
Percentile by Number Answered
Your Score History
You have not taken this quiz